000 00420nam a2200157Ia 4500
008 160316s9999 xxu||||| |||| 00| 0 eng d
082 _a344.013000
_bILO
100 _a
245 _aEliminating the worst forms of child labour: An integrated timed-bound approach
250 _a
260 _aGeneva
_bInternational Labour Office
_c0
300 _a40
_b
_c
365 _b
650 _a1. child labour
700 _a
_a
999 _c33862
_d33862